000 01580cam a2200397Ia 4500
001 9063900
003 ARRUPE
005 20140206165606.0
006 m u
007 cr cn|||||||||
008 100126s2010 nyu sb 001 0 eng d
010 _z 2010003075
020 _z9780231152426 (cloth : alk. paper)
020 _z0231152426 (cloth : alk. paper)
020 _z9780231527125 (ebook)
020 _z0231527128 (ebook)
035 _a(CaPaEBR)ebr10433184
035 _a(NNC)9063900
040 _aCaPaEBR
_cCaPaEBR
050 1 4 _aB3654.V383
_bV6313 2010eb
100 1 _aVattimo, Gianni,
_d1936-
_98371
240 1 0 _aVocazione e responsabilita del filosofo.
_lEnglish
245 1 4 _aThe responsibility of the philosopher
_h[electronic resource] /
_cGianni Vattimo ; edited with an introduction by Franca D'Agostini ; translated by William McCuaig.
260 _aNew York :
_bColumbia University Press,
_cc2010.
300 _avi, 153 p.
504 _aIncludes bibliographical references and index.
533 _aElectronic reproduction.
_bPalo Alto, Calif. :
_cebrary,
_d2011.
_nAvailable via World Wide Web.
_nAccess may be limited to ebrary affiliated libraries.
650 0 _aPhilosophy, Modern
_y20th century.
_98372
650 0 _aPhilosophy, Italian
_y20th century.
_98373
655 7 _aElectronic books.
_2local
_98374
700 1 _aD'Agostini, Franca,
_d1952-
_98375
710 2 _aebrary, Inc.
_98376
856 4 0 _uhttp://www.columbia.edu/cgi-bin/cul/resolve?clio9063900
_zClick here for full text.
942 _2lcc
_cMONOGRAPH
999 _c119990
_d119990